| 000 | 00417cam a2200169ua 4500 | ||
|---|---|---|---|
| 020 | _c4.00 | ||
| 041 |
_aeng _h |
||
| 082 |
_a176 _bVLI/ CO |
||
| 100 | _aVliet, C J Van . | ||
| 245 |
_aConquest of the seepent / _cC J Van Vliet. _hTextual Documents |
||
| 260 |
_aAhmadabad : _bNavajivan publishing house , _c1952. |
||
| 300 | _a177 ; . | ||
| 365 | _a4.00 | ||
| 504 | _a | ||
| 942 | _cBK | ||
| 999 |
_c2296 _d2296 |
||